<?xml version="1.0" encoding="UTF-8"?>
<record
    xmlns:xsi="http://www.w3.org/2001/XMLSchema-instance"
    xsi:schemaLocation="http://www.loc.gov/MARC21/slim http://www.loc.gov/standards/marcxml/schema/MARC21slim.xsd"
    xmlns="http://www.loc.gov/MARC21/slim">

  <leader>00555nam a2200169Ia 4500</leader>
  <controlfield tag="008">230718s9999    xx            000 0 und d</controlfield>
  <datafield tag="020" ind1=" " ind2=" ">
    <subfield code="a">9781782175063</subfield>
  </datafield>
  <datafield tag="041" ind1=" " ind2=" ">
    <subfield code="a">eng</subfield>
  </datafield>
  <datafield tag="082" ind1=" " ind2=" ">
    <subfield code="a">005.13'3</subfield>
    <subfield code="b">ING</subfield>
  </datafield>
  <datafield tag="100" ind1=" " ind2=" ">
    <subfield code="a">Ingrassellino J.</subfield>
    <subfield code="9">201011</subfield>
  </datafield>
  <datafield tag="245" ind1=" " ind2=" ">
    <subfield code="a">Python Projects For Kids</subfield>
    <subfield code="b">Unleash Python And Take Your Small Readers On An Adventurous Ride Through The World Of Programming</subfield>
  </datafield>
  <datafield tag="260" ind1=" " ind2=" ">
    <subfield code="c">2016</subfield>
    <subfield code="b">Packt</subfield>
  </datafield>
  <datafield tag="300" ind1=" " ind2=" ">
    <subfield code="a">173</subfield>
  </datafield>
  <datafield tag="365" ind1=" " ind2=" ">
    <subfield code="c">Rs.</subfield>
    <subfield code="b">599.00</subfield>
  </datafield>
  <datafield tag="700" ind1=" " ind2=" ">
    <subfield code="a">Ingrassellino J.</subfield>
    <subfield code="9">201011</subfield>
  </datafield>
  <datafield tag="906" ind1=" " ind2=" ">
    <subfield code="d">O:0604219-Aug-2018B:IN27525-Jul-2018</subfield>
    <subfield code="c">COMP</subfield>
    <subfield code="b">119.8</subfield>
  </datafield>
  <datafield tag="999" ind1=" " ind2=" ">
    <subfield code="c">348170</subfield>
    <subfield code="d">348170</subfield>
  </datafield>
  <datafield tag="952" ind1=" " ind2=" ">
    <subfield code="0">0</subfield>
    <subfield code="1">0</subfield>
    <subfield code="4">0</subfield>
    <subfield code="7">0</subfield>
    <subfield code="a">CCEP</subfield>
    <subfield code="b">CCEP</subfield>
    <subfield code="d">2018-08-19</subfield>
    <subfield code="e">Pradeep Book Distributors</subfield>
    <subfield code="f">COMP</subfield>
    <subfield code="g">479.20</subfield>
    <subfield code="i">IN275</subfield>
    <subfield code="l">1</subfield>
    <subfield code="o">005.13'3</subfield>
    <subfield code="p">CCEP-BK-59377</subfield>
    <subfield code="r">2024-02-10 00:00:00</subfield>
    <subfield code="s">2024-01-25</subfield>
    <subfield code="t">119.8</subfield>
    <subfield code="v">599.00</subfield>
    <subfield code="w">2018-07-25</subfield>
    <subfield code="y">BK</subfield>
    <subfield code="z">059377</subfield>
  </datafield>
</record>
